Valtioita osittaisten lippujen mukaan #2 - Statistics

Yleistilastot
  • Tätä visaa on pelattu 1 001 kertaa
  • Keskiarvotulos 14 / 16
Vastaustilastot
Kuvavisa Vastaus % Oikein
Tanska
99%
Brasilia
98%
Etelä-Korea
98%
Kiina
96%
Portugali
96%
Pohjois-Makedonia
94%
Kroatia
93%
Kenia
92%
Valko-Venäjä
92%
Pakistan
91%
Australia
87%
Meksiko
87%
Vatikaanivaltio
84%
Malesia
82%
Ghana
77%
Kambodža
74%
Ehtoja vastaavia visoja ei löytynyt
Tulosjakauma
Jokaisen tuloksen saaneiden osuus
Persentiili vastausten määrän mukaan
Tuloshistoriasi
Et ole pelannut tätä visaa